=LDR 00000nam 2200000 4500 =001 NUTBA000000000004833 =005 20141014112123.0 =006 =007 =008 =020 ##$$a 978-602-9227-19-2 =035 ##$$a 0010-101400000000063 =040 ##$$a NBPDMAT =090 ##$$a 920.059 86$b Oki k =100 ##$$a Oki Prama Bakti =245 ##$$a Kisah perjuangan pahlawan Sulawesi/ Oki Prama Bakti; editor, Mareno Cindo.-- Cet.3. -- =260 ##$$a Jakarta : $b Wadah Ilmu, $c 2011. =300 ##$$a iv, 71 hlm. : $b ilus. ; $c 24 cm. =500 ##$$a Bibilografi : hlm. 71 =650 ##$$a Biografi Pahlawan - Sulawesi =700 ##$$a Mareno Cindo =850 ##$$a NBPDMAT =990 ##$$a 0001/BPAP-NTB/20142014 =990 ##$$a 0001/BPAP-NTB/20142014